| 000 | 00837nam a22002657a 4500 | ||
|---|---|---|---|
| 001 | 9294 | ||
| 003 | FISKH | ||
| 005 | 20251209111213.0 | ||
| 008 | 251209b cb ||||| |||| 00| 0 eng d | ||
| 040 |
_aFISKH _beng _cFISKH _dFISKH |
||
| 050 | _aPZ7.P448558 R | ||
| 082 | _a833.914 | ||
| 100 | _aPfister, Marcus | ||
| 245 |
_aThe rainbow fish / _cMarcus Pfister |
||
| 250 | _aFirst Scholastic printing, October 2000. | ||
| 260 |
_aNew York : _bScholastic, _c1992 |
||
| 300 |
_a26 unnumbered pages : _bcolor illustrations ; _c18 cm |
||
| 505 | _aP | ||
| 520 | _aThe most beautiful fish in the entire ocean discovers the real value of personal beauty and friendship. | ||
| 521 | 8 |
_a610
_bLexile AD |
|
| 521 | 8 |
_aP
_bRaz-Plus |
|
| 650 |
_aAnimals _vPicture book _xFantasy _ySharing |
||
| 942 |
_2ddc _cBK _n0 |
||
| 999 |
_c9294 _d9294 |
||